| 000 | 00704cam a22002417a 4500 | ||
|---|---|---|---|
| 999 |
_c4871 _d4871 |
||
| 001 | 1963235 | ||
| 003 | GZU | ||
| 005 | 20210325082512.0 | ||
| 008 | 900316s1986 rh 000 0 nde | ||
| 010 | _a 87980659 | ||
| 020 | _a086922364X | ||
| 040 |
_aDLC _cDLC _dDLC |
||
| 050 | 0 | 0 | _aPL8842 SIG 1986 |
| 100 | 1 |
_aSigogo, Ndabezinhle S., _d1932- |
|
| 245 | 1 | 0 |
_aNgenziwa ngumumo welizwe / _cN.S. Sigogo. |
| 260 |
_aGweru, Zimbabwe : _bMambo Press, _c1986. |
||
| 300 |
_a238 p. ; _c18 cm. |
||
| 490 | 0 |
_aMambo writers series. Ndebele section ; _vvol. 4 |
|
| 500 | _aNdebele folklore | ||
| 906 |
_a7 _bcbc _corignew _du _encip _f19 _gy-gencatlg |
||
| 942 |
_2lcc _cBK _h8842 _iSIG _kPL |
||